| 000 | 00378nam a22001217a 4500 | ||
|---|---|---|---|
| 999 |
_c9465 _d9465 |
||
| 003 | OSt | ||
| 008 | 201203b ||||| |||| 00| 0 eng d | ||
| 245 | _aMan Made Textiles In India | ||
| 250 | _a2013(Jan Vol.41 No.1, Feb Vol.41 No.2, Mar Vol.41 No.3, Jul Vol.41 No.7) 2014(Jan Vol.42 No.1) | ||
| 260 |
_aMumbai _bU.K. Gangopadhyay |
||
| 650 | _aTextile Engineering | ||
| 942 |
_2ddc _cBV |
||